| 000 | 00418nam a2200145 a 4500 | ||
|---|---|---|---|
| 005 | 20140412111408.0 | ||
| 008 | 070925s19uu xx 00 eng d | ||
| 020 | _a1-8651-5517-9 | ||
| 050 |
_aREF 741.5 _bM75 2003 |
||
| 245 |
_aMonsters, Inc : _ba bugs life / _cCompiled by Colin Clark. |
||
| 260 |
_aAustralia : _bDisney/Pixar, _c2003. |
||
| 300 | _a127p. : col. ; 29cm. | ||
| 440 | _aDisney/ Pixar | ||
| 999 |
_c105610 _d105610 |
||